Govt. of
Madhya Pradesh

The Book Of The Hunter (Record no. 16475)

MARC details
000 -LEADER
fixed length control field 004890000a22001930004500
001 - CONTROL NUMBER
control field 004586
003 - CONTROL NUMBER IDENTIFIER
control field MACL
005 - DATE AND TIME OF LATEST TRANSACTION
control field 20150830150811.0
008 - FIXED-LENGTH DATA ELEMENTS--GENERAL INFORMATION
fixed length control field 150830b xxu||||| |||| 00| 0 eng d
040 ## - CATALOGING SOURCE
Original cataloging agency MACL
Transcribing agency MACL
041 ## - LANGUAGE CODE
Language code of text/sound track or separate title English
082 ## - DEWEY DECIMAL CLASSIFICATION NUMBER
Classification number 799.29/DEV
100 ## - MAIN ENTRY--PERSONAL NAME
Personal name devi Maheswari,
9 (RLIN) 7992
245 ## - TITLE STATEMENT
Title The Book Of The Hunter
Statement of responsibility, etc. devi Maheswari
260 ## - PUBLICATION, DISTRIBUTION, ETC. (IMPRINT)
Place of publication, distribution, etc. Calcutta
Date of publication, distribution, etc. 2002
Name of publisher, distributor, etc. Seagull books,
350 ## - PRICE (NR) (BK AM CF MU VM SE) [OBSOLETE]
Price 325
650 ## - SUBJECT ADDED ENTRY--TOPICAL TERM
Topical term or geographic name as entry element Fishing, Hunting, Shooting
9 (RLIN) 7993
942 ## - ADDED ENTRY ELEMENTS (KOHA)
Call number prefix 799
Koha item type Books
Source of classification or shelving scheme
Holdings
Withdrawn status Lost status Source of classification or shelving scheme Damaged status Not for loan Home library Current library Date acquired Cost, normal purchase price Total Checkouts Full call number Barcode Date last seen Uniform Resource Identifier Price effective from Koha item type
          MACL MACL 15/04/2015 325.00   799.29/DEV CRE017047 02/05/2024 16381 15/04/2015 Books